LIBRARY & INFORMATION CENTRE, KCAET, TAVANUR

ONLINE PUBLIC ACCESS CATALOGUE (OPAC)

Fuzzy sets and fuzzy logic: theory and applications / (Record no. 9628)

MARC details
000 -LEADER
fixed length control field 00555cam a2200205ua 4500
020 ## - INTERNATIONAL STANDARD BOOK NUMBER
ISBN 81 203 1136 1
041 ## - LANGUAGE CODE
Language code of text/sound track or separate title eng
082 ## - DEWEY DECIMAL CLASSIFICATION NUMBER
Classification number 511.322
Item number KLI/FU
100 ## - MAIN ENTRY--AUTHOR NAME
Personal name Klir, George J .
245 ## - TITLE STATEMENT
Title Fuzzy sets and fuzzy logic: theory and applications /
250 ## - EDITION STATEMENT
Edition statement 1 /
260 ## - PUBLICATION, DISTRIBUTION, ETC. (IMPRINT)
Place of publication New Delhi :
Name of publisher Prentice Hall of India Pvt Ltd. ,
Year of publication 2004.
300 ## - PHYSICAL DESCRIPTION
Number of Pages 574 ; .
700 1# - ADDED ENTRY--PERSONAL NAME
Personal name Yuan, Bo.
942 ## - ADDED ENTRY ELEMENTS (KOHA)
Koha item type Books
Holdings
Withdrawn status Lost status Damaged status Home library Current library Date acquired Full call number Accession Number Koha item type
      KAUAET KAUAET 07/04/2012 511.322 20686 Books
      KAUAET KAUAET 07/04/2012 511.322 20948 Books
free website counter